000 00892nam a2200253 i 4500
003 IT-RoINE
005 20180917084432.0
008 810317s1980 sp 001 spa
020 _a8472990796
040 _aIBH
_cSpMaBN
_dIT-RoINE
100 1 _aPiñero Carrión, José María
_925220
245 1 3 _aEl dinero de la Iglesia :
_ben qué se gasta, quién lo da, cómo se administra /
_cJosé Mª Piñero Carrión.
260 _aSalamanca :
_bUniversidad Pontificia,
_c1980.
300 _a154 p. ;
_c24 cm.
336 _2rdacontent
_atext
337 _2rdamedia
_aunmediated
338 _2rdacarrier
_avolume
490 1 _aBibliotheca Salmanticensis.
_aEstudios ;
_v37
500 _aIncluye índices.
610 2 4 _aIglesia Católica
_xFinanzas
_925221
610 2 4 _919109
_aIglesia Católica
_xFinanzas
_zEspaña
830 0 _93087
_aBibliotheca Salmanticensis.
_pEstudios ;
_v37
942 _cMTS
999 _c12368
_d12368